000 01302cam a2200133 4500500
005 20260329023140.0
041 _afre
042 _adc
100 1 0 _aCusset, Pierre-Yves
_eauthor
245 0 0 _aLe lien social : Domaines et approches
260 _bArmand Colin,
_c2011.
520 _aC’est en faisant référence à sa crise supposée que l’on aborde le plus souvent, en France, la question du lien social.Les bouleversements que traversent les sociétés européennes du XIXe siècle sont l’occasion de réfléchir aux fondements d’un lien individu/société qui, aujourd’hui, ne va plus de soi.Après avoir présenté les apports les plus récents de la sociologie des réseaux et des réflexions en termes de capital social, l’ouvrage dresse un tableau nuancé de la réalité française. Le lien social moderne, parce qu’il est fondamentalement de plus en plus électif, est aussi plus fragile. Il est sans doute moins mis en danger par les transformations qui touchent la sphère privée que par les problèmes de cohabitation, notamment dans les espaces publics, qui s’imposent à chacun. Cette 2e édition a été mise à jour avec les données les plus récentes.
856 4 1 _uhttps://shs.cairn.info/le-lien-social--9782200259884?lang=fr&redirect-ssocas=7080
999 _c1925078
_d1925078